| 000 | 00692nam a2200277Ia 4500 | ||
|---|---|---|---|
| 008 | 210210b2011 xxu||||| |||| 00| 0 eng d | ||
| 020 | _a8121928877 | ||
| 041 | _aeng | ||
| 082 | _a330.02 AGAC | ||
| 100 | _aAGARWAL (S K) | ||
| 245 | _aCommon proficiency test: general economics: micro economics Indian economic development | ||
| 260 |
_aNew Delhi _bS. Chand & Co. Ltd. _c2011 |
||
| 300 | _axii-132 | ||
| 650 | _atest: | ||
| 650 | _aproficiency | ||
| 650 | _amicro | ||
| 650 | _aIndian | ||
| 650 | _ageneral | ||
| 650 | _aeconomics: | ||
| 650 | _aeconomics | ||
| 650 | _aeconomic | ||
| 650 | _adevelopment | ||
| 650 | _aCommon | ||
| 690 | _aEconomics | ||
| 906 | _a066144 | ||
| 999 |
_c146514 _d146514 |
||